000 00580nam a22001937a 4500
003 OSt
005 20120302145728.0
008 090522t xxu||||| |||| 00| 0 eng d
035 _a४७२९
040 _cमराठी
100 _aगाला, धनलाल
_95364
245 _aनिसर्गोपचार
250 _a१ ली
260 _aअहमदाबाद
_bगाला
_c१९९०
300 _b६८ पाने
365 _eबी. २६८
700 _aजोशी, कुमुद -अनु.
_95365
942 _2ddc
_cBOOK
999 _c490461
_d490458